| 000 | 01335nam a2200265Ia 4500 | ||
|---|---|---|---|
| 999 |
_c56546 _d56546 |
||
| 001 | 23660 | ||
| 003 | GE_BSU | ||
| 005 | 20191029122253.0 | ||
| 008 | 181216s2018|||| |||||||||||||| ||geo|| | ||
| 020 | _a9789941262661 | ||
| 041 | _ageo | ||
| 080 | _a004.42(075.8) ბ-48 | ||
| 100 |
_aბენაშვილი, ინგა. _95068 |
||
| 245 |
_aSPSS დამწყებთათვის / _cინგა ბენაშვილი ; მამუკა ბენაშვილი ; რედ : დიმიტრი ნადირაშვილი ; მარინე მინდორაშვილი . |
||
| 264 |
_aთბილისი : _bუნივერსალი, _c2018. |
||
| 300 |
_a104 გვ. : _b ილ. ; _c25 სმ. _e+ 1 CD. |
||
| 504 | _aბიბლიოგრ.: გვ. 102. | ||
| 653 | _aSPSS დამწყებთათვის | ||
| 653 | _aSPSS პროგრამა. | ||
| 653 | _aკომპიუტერული პროგრამები | ||
| 700 |
_aბენაშვილი, მამუკა _95069 |
||
| 700 |
_aნადირაშვილი, დიმიტრი _eრედაქტორი _95070 |
||
| 700 |
_aმინდორაშვილი, მარინე _eრედაქტორი _95063 |
||
| 942 |
_cBK _2udc |
||